000 01531nam0a22003011 4500
001 v19\rc\1398805
005 20080228125700.4
035 _a(NLR Aleph) 005206371
090 _a5362541
_c5362541
100 _a20060512d1872 |||y0rusy50 ca
101 0 _arus
102 _aRU
105 _ay z |||h|
200 1 _aПоложение о Высших женских курсах в Москве и речи, произнесенные при открытии Курсов 1 ноября 1872 года профессорами Московского университета св. А.М. Иванцовым-Платоновым, С.М. Соловьевым и В.И. Герье
210 _aМосква
_d1872
215 _a32 с.
_d22
702 1 _aГерье
_bВ. И.
_f1837-1919
_gВладимир Иванович
_4570
702 1 _aСоловьев
_bС. М.
_cисторик
_f1820 - 1879
_gСергей Михайлович
_3RU\NLR\AUTH\775940
_7ca
702 1 _6z01790
_aИванцов-Платонов
_bА. М.
_f1835-1894
_gАлександр Михайлович
_3RU\NLR\AUTH\7761974
_4570
_7ca
710 0 2 _aМосковские высшие женские курсы
_3RU\NLR\AUTH\889931225
790 1 _6z01702
_aПлатонов
_bА. М.
_f1835-1894
_gАлександр Михайлович
801 0 _aRU
_bNLR
_c20060512
_gpsbo
801 0 _aRU
_bRuMoRGB
_c20060512
_2psbo
801 1 _aRU
_bProSoft-M
_c20060512
_2rusmarc
801 2 _aRU
_bNLR
_c20070702
_2rusmarc
852 _aNLR
_j18.115.8.13
942 _cBOOK
980 _aNB